का न करै अबला प्रबल : (Record no. 14953)
[ view plain ]
| 000 -LEADER | |
|---|---|
| fixed length control field | 01230 a2200253 4500 |
| 005 - DATE AND TIME OF LATEST TRANSACTION | |
| control field | 20080820154716.0 |
| 008 - FIXED-LENGTH DATA ELEMENTS--GENERAL INFORMATION | |
| fixed length control field | 080820t xxu||||| |||| 00| e hin d |
| 010 ## - LIBRARY OF CONGRESS CONTROL NUMBER | |
| LC control number | HIN-84013 |
| 020 ## - INTERNATIONAL STANDARD BOOK NUMBER | |
| International Standard Book Number | 8188492302 |
| Terms of availability | 200.00 |
| 035 ## - SYSTEM CONTROL NUMBER | |
| System control number | HN-56359 |
| 037 ## - SOURCE OF ACQUISITION | |
| Stock number | DBAD / PUB |
| 040 ## - CATALOGING SOURCE | |
| Original cataloging agency | DPL |
| Language of cataloging | HN |
| 082 ## - DEWEY DECIMAL CLASSIFICATION NUMBER | |
| Classification number | 808.88 |
| 100 ## - MAIN ENTRY--PERSONAL NAME | |
| Personal name | शरण, श्यामा |
| 245 ## - TITLE STATEMENT | |
| Title | का न करै अबला प्रबल : |
| Statement of responsibility, etc | श्यामा शरण |
| Remainder of title | (निबंध-संग्रह) / |
| 246 ## - VARYING FORM OF TITLE | |
| Title proper/short title | kaa naa karai ablaa prabala |
| Remainder of title | by Shyama Sharan |
| 260 ## - PUBLICATION, DISTRIBUTION, ETC. (IMPRINT) | |
| Place of publication, distribution, etc | आगरा |
| Name of publisher, distributor, etc | अरविन्द प्रकाशन |
| Date of publication, distribution, etc | 2007 |
| 270 ## - ADDRESS | |
| Address | 15/131 सोरों कटरा, शाहगंज |
| City | आगरा |
| Postal code | 10 |
| 300 ## - PHYSICAL DESCRIPTION | |
| Extent | 148पृ |
| Dimensions | 22 सेमी (अजिल्द) |
| 650 ## - SUBJECT ADDED ENTRY--TOPICAL TERM | |
| Topical term or geographic name as entry element | हिन्दी निबंध |
| General subdivision | महिलायें |
| -- | सामाजिक स्थिति |
| Geographic subdivision | भारत |
| 650 ## - SUBJECT ADDED ENTRY--TOPICAL TERM | |
| Topical term or geographic name as entry element | Hindi essays |
| General subdivision | Women |
| -- | Social conditions |
| Geographic subdivision | India |
| 942 ## - ADDED ENTRY ELEMENTS (KOHA) | |
| Institution code [OBSOLETE] | dpl |
| Koha item type | Hindi Books |
| Source of classification or shelving scheme | Dewey Decimal Classification |
| Classification part | 808.88 |
| Call number suffix | शरण |
| Withdrawn status | Lost status | Damaged status | Not for loan | Collection code | Home library | Current library | Date acquired | Source of acquisition | Cost, normal purchase price | Total Checkouts | Full call number | Barcode | Date last seen | Copy number | Cost, replacement price | Price effective from | Koha item type |
|---|---|---|---|---|---|---|---|---|---|---|---|---|---|---|---|---|---|
| Not For Loan | Non-fiction | D.B.Act.Division | D.B.Act.Division | 20/08/2008 | DBAD / PUB | 200.00 | 808.88 शरण | HN-56359 | 15/09/2008 | 1 | 200.00 | 15/09/2008 | Hindi Books |
